| 000 | 02769nkm0a2200457 4500 | ||
|---|---|---|---|
| 001 | RU\NLR\BIBL_A\022583434 | ||
| 005 | 20260408230017.0 | ||
| 035 | _a(NLR Aleph) 022583434 | ||
| 090 |
_a13471586 _c13471586 |
||
| 100 | _a20250710d1936 u y0rusy50 ca | ||
| 101 | 0 | _arus | |
| 102 | _aRU | ||
| 116 | _aiiycxx bf ad | ||
| 135 | _acrcn 024anaba | ||
| 181 | 0 |
_ab4 _bxb2e |
|
| 182 | 0 | _an | |
| 200 | 1 |
_aНаправляющее колесо Т-26 _e[плакат] _fвыполнил М. Мазанов _gсоставили: воен. инжен. 1-го ранга А. Рожков _gвоен. техн. 2-го ранга А. Молчанов _gредактор Д. Степанов _gтехред. И. Кабанов |
|
| 203 |
_aИзображение _bнеподвижное _bдвухмерное _bвизуальное _cнепосредственное |
||
| 210 |
_aМосква _aЛенинград _cОГИЗ-ИЗОГИЗ _d1936 _eМосква _gТиполитография им. Воровского |
||
| 215 |
_a1 л. _cхромолитогр. _d52х78 |
||
| 300 | _aВ вып. данных: Утверждено АБТУ РККА; Уп. Главлита № Г-1070. И. 46. Изогиз № 3533. Зак. № 4107; Сдано в производство 17/VIII 1936 г. Подписано к печати 28/IX 1936 г. Ст. формат 62х88-1 л. | ||
| 300 | _aНа изобр. справа вверху: "Для учебных целей, продаже и опубликованию в открытой печати не подлежит" | ||
| 325 | _aКопия доступна в Электрон. б-ке РНБ | ||
| 606 | 1 |
_aТанки Т-26 _jПлакаты _xЭксплуатация _91796915 _3RU\NLR\AUTH\661102999 |
|
| 606 |
_aПлакат инструктивный _3RU\NLR\AUTH\6601761657 _92682543 |
||
| 686 | _aЩ150.466 | ||
| 700 | 1 |
_aМазанов _bМ. _4570 |
|
| 712 | 0 | 2 |
_4650 _aОГИЗ СССР _3RU\NLR\AUTH\8810005841 _9509102 |
| 712 | 0 | 2 |
_4610 _aТипография им. Воровского _cМосква _3RU\NLR\AUTH\8810047348 _9594575 |
| 852 | 0 | 0 |
_aNLR _bЭ _jНпВо715/6-25 _m147825 |
| 856 | 0 | _uhttps://vivaldi.nlr.ru/la000071009/view | |
| 856 | 1 | _uhttps://vivaldi.nlr.ru/la000071009/cover | |
| 856 | 2 | _uhttps://vivaldi.nlr.ru/la000071009/text | |
| 901 | _eИзографические материалы | ||
| 942 | _cVISUAL | ||
| 945 | _aРоссийская национальная библиотека | ||
| 980 | _aNB | ||
| 981 | 1 | 7 |
_a(17) Изографические материалы _b(17) Плакаты |